Kliknij na tytuł piosenki Michaela Jacksona poprzez ostatnie słowo - Statystyki

Ogólne statystyki
  • Ten quiz został rozwiązany 2 205 razy
  • Średni wynik to 13 z 20
Statystyki odpowiedzi
Hint Odpowiedź % Poprawnych
Billie Jean
90%
Black or White
90%
Smooth Criminal
84%
Beat It
83%
They Don't Care About Us
80%
The Way You Make Me Feel
74%
Dirty Diana
72%
You Are Not Alone
71%
The Girl is Mine
63%
Wanna Be Startin' Somethin'
61%
Heal the World
61%
Earth Song
60%
Remember the Time
60%
Human Nature
57%
Man in the Mirror
56%
Rock with You
55%
Don't Stop 'Til You Get Enough
52%
In the Closet
46%
Off the Wall
46%
Stranger in Moscow
42%
Nie znaleziono quizów pasujących do podanych kryteriów
Rozkład punktacji
Procent ludzi z każdym wynikiem
Percentyl według liczby udzielonych odpowiedzi
Twoja historia wyników
Nie rozwiązałeś tego quizu